| 000 | 00576nam a2200205Ia 4500 | ||
|---|---|---|---|
| 005 | 20250923150016.0 | ||
| 008 | 008 250917s9999 xx 000 0 eng d | ||
| 037 | _aTextual | ||
| 040 |
_aDSWL _beng _cDSWL |
||
| 041 |
_aeng _2eng |
||
| 084 |
_aY31.791, N85 _qDSWL |
||
| 100 |
_aBorda, Orlando _9841247 |
||
| 245 | 0 |
_aKnowledge and People's power _c by Orlando Borda |
|
| 260 |
_aNew Delhi _bIndian Social Institute _c1985 |
||
| 300 | _ax,122 p. | ||
| 365 |
_aINR _b25.00 |
||
| 925 | _g25.00 | ||
| 942 |
_cTEXL _hY31.791, N85 |
||
| 999 |
_c1458451 _d1458451 |
||